000 00847nam a2200241Ia 4500
001 21768
005 20260320113311.0
008 260320s9999||||xx |||||||||||||| ||und||
041 _aING
082 _a616.0757
_bM41
100 _aMellins, Harry Z.,
_eEDT
245 4 _aThe radiologic clinics of North America :
_bsymposium on radiologic diagnosis of acute abdominal disease
246 _a
_5
_b
260 _aPhiladelphia :
_bW. B. Saunders Company,
_c1964
300 _aviii, 188 páginas :
_bfiguras ;
_c26 cm.
_e
440 _a
_n(número 1 ;
_vvolumen 2)
650 _aTCA
653 _aMedicina; Diagnóstico radiológico; Idioma : Inglés
654 _aCCS
700 _a
_c
856 _uhttps://accessmedicina-mhmedical-com.ucsp.lookproxy.com/
_zVéase además: Base de datos McGraw Hill Access Medicina
942 _cLIB
_dJUS
_fTRC
_2ddc
_n
999 _c21768
_d21768